| Tag |
First Indicator |
Second Indicator |
Subfields |
| LEADER |
00000cam a2200000 a 4500 |
| 001 |
in00001304383 |
| 005 |
20151005071454.0 |
| 008 |
960501s1996 mnu 000 1 eng d |
| 010 |
|
|
|a 95080897
|
| 020 |
|
|
|a 1555972381 (pbk.) :
|c $12.95
|
| 035 |
|
|
|a (OCoLC)34658778
|
| 035 |
|
|
|9 AHC3679AM
|
| 040 |
|
|
|a SPP
|c SPP
|d TXA
|d UtOrBLW
|
| 049 |
|
|
|a TXAM
|
| 090 |
|
|
|a PS3555.V34
|b B54 1996
|
| 100 |
1 |
|
|a Everett, Percival.
|
| 245 |
1 |
0 |
|a Big picture :
|b stories /
|c by Percival Everett.
|
| 264 |
|
1 |
|a Saint Paul, MN :
|b Graywolf Press,
|c 1996.
|
| 300 |
|
|
|a 154 pages ;
|c 21 cm.
|
| 336 |
|
|
|a text
|b txt
|2 rdacontent
|
| 337 |
|
|
|a unmediated
|b n
|2 rdamedia
|
| 338 |
|
|
|a volume
|b nc
|2 rdacarrier
|
| 505 |
0 |
|
|a Cerulean -- Turned out -- Wolf at the door -- Dicotyles tajacu -- Pissing on snakes -- Wash -- Throwing earth -- Squeeze -- Big picture.
|
| 740 |
0 |
2 |
|a Cerulean.
|
| 740 |
0 |
2 |
|a Turned out.
|
| 740 |
0 |
2 |
|a Wolf at my door.
|
| 740 |
0 |
2 |
|a Dicotyles tajacu.
|
| 740 |
0 |
2 |
|a Pissing on snakes.
|
| 740 |
0 |
2 |
|a Wash.
|
| 740 |
0 |
2 |
|a Throwing earth.
|
| 740 |
0 |
2 |
|a Squeeze.
|
| 999 |
|
|
|a MARS
|
| 999 |
f |
f |
|s fbb06fce-cef1-3b47-b4d4-82a2ed6872ae
|i a2029030-dc70-3ba8-bac4-94cfb84f1be1
|t 0
|
| 952 |
f |
f |
|p normal
|a Texas A&M University
|b College Station
|c Sterling C. Evans Library
|d Evans: Library Stacks
|t 0
|e PS3555.V34 B54 1996
|h Library of Congress classification
|i unmediated -- volume
|m A14820499454
|
| 998 |
f |
f |
|a PS3555.V34 B54 1996
|t 0
|l Evans: Library Stacks
|